Трансформация кочевых обществ Юга России в контексте природно-климатических факторов (XIX – середина XX в.) (Запись № 13671670)

Подробности
000 -МАРКЕР
контрольное поле 02036nam0a2200421 4500
001 - ИДЕНТИФИКАТОР ЗАПИСИ
контрольное поле RU\NLR\BIBL_A\022522761
005 - ИДЕНТИФИКАТОР ВЕРСИИ
контрольное поле 20260420043203.0
010 ## - МЕЖДУНАРОДНЫЙ СТАНДАРТНЫЙ НОМЕР КНИГИ (ISBN)
Номер (ISBN) 978-5-91951-841-9
Тираж 300
021 ## - НОМЕР ГОСУДАРСТВЕННОЙ РЕГИСТРАЦИИ
Код страны Российская Федерация
Номер КН-П-25-010617
Номер Листа государственной регистраци КН-П-25-1076
035 ## - ДРУГИЕ СИСТЕМНЫЕ НОМЕРА
Идентификатор записи (NLR Aleph) 022522761
100 ## - ДАННЫЕ ОБЩЕЙ ОБРАБОТКИ
Данные общей обработки 20250415d2024 k y0rusy50 ca
101 0# - ЯЗЫК РЕСУРСА
Язык текста, звукозаписи и т.д. русский
102 ## - СТРАНА ПУБЛИКАЦИИ ИЛИ ПРОИЗВОДСТВА
Страна публикации Российская Федерация
105 ## - ПОЛЕ КОДИРОВАННЫХ ДАННЫХ: ТЕКСТОВЫЕ МАТЕРИАЛЫ, МОНОГРАФИЧЕСКИЕ
Кодированные данные о монографическом текстовом документе abh z 001yy
181 #0 - ПОЛЕ КОДИРОВАННЫХ ДАННЫХ: ВИД СОДЕРЖАНИЯ
Код вида содержания (ISBD) i
Код характеристики содержания (ISBD) axxe
182 #0 - ПОЛЕ КОДИРОВАННЫХ ДАННЫХ: ТИП СРЕДСТВА
Код типа средства (ISBD) n - непосредственное
200 1# - ЗАГЛАВИЕ И СВЕДЕНИЯ ОБ ОТВЕТСТВЕННОСТИ
Основное заглавие Трансформация кочевых обществ Юга России в контексте природно-климатических факторов (XIX – середина XX в.)
Сведения, относящиеся к заглавию коллективная монография
Первые сведения об ответственности Е. Н. Бадмаева, И. В. Лиджиева, Д. С. Кидирниязов [и др.]
Последующие сведения об ответственности ответственный редактор: д-р ист. наук Е. Н. Бадмаева
203 ## - ВИД СОДЕРЖАНИЯ И ТИП СРЕДСТВА
Вид содержания Текст
Дополнительные сведения об издании визуальный
Тип средства непосредственный
210 ## - ПУБЛИКАЦИЯ, РАСПРОСТРАНЕНИЕ И ДР.
Место издания, распространения и т.д. Ростов-на-Дону
Имя издателя, распространителя и т. д. Альтаир
Дата издания, распространения и т.д. 2024
215 ## - ФИЗИЧЕСКАЯ ХАРАКТЕРИСТИКА
Специфическое обозначение материала и объем 495 с.
Другие сведения о физической характеристике ил., цв. ил., карты, факс., табл.
Размеры 22
300 ## - ОБЩИЕ ПРИМЕЧАНИЯ
Текст примечания Авт. указаны на обороте тит. с.
320 ## - ПРИМЕЧАНИЯ О НАЛИЧИИ В ДОКУМЕНТЕ БИБЛИОГРАФИИ / УКАЗАТЕЛЯ
Текст примечания Библиогр.: с. 402–434 и в подстроч. примеч.
320 ## - ПРИМЕЧАНИЯ О НАЛИЧИИ В ДОКУМЕНТЕ БИБЛИОГРАФИИ / УКАЗАТЕЛЯ
Текст примечания Указ. имен: с. 435–452
320 ## - ПРИМЕЧАНИЯ О НАЛИЧИИ В ДОКУМЕНТЕ БИБЛИОГРАФИИ / УКАЗАТЕЛЯ
Текст примечания Геогр. указ.: с. 453–473
333 ## - ПРИМЕЧАНИЯ ОБ ОСОБЕННОСТЯХ РАСПРОСТРАНЕНИЯ И ИСПОЛЬЗОВАНИЯ
Текст примечания 14+
606 1# - НАИМЕНОВАНИЕ ТЕМЫ КАК ПРЕДМЕТ
Наименование темы Кочевники
Географический подзаголовок Россия
-- Европейская часть
-- Юг
Хронологический подзаголовок 19 - 1-я пол. 20 вв.
Системный номер авторитетной/нормативной записи 2589245
Идентификатор авторитетной/нормативной записи RU\NLR\AUTH\6601740176
686 1# - ИНДЕКСЫ ДРУГИХ КЛАССИФИКАЦИЙ
Индекс Т3(2)5-56
686 1# - ИНДЕКСЫ ДРУГИХ КЛАССИФИКАЦИЙ
Индекс Т3(2)71-36
686 1# - ИНДЕКСЫ ДРУГИХ КЛАССИФИКАЦИЙ
Индекс Т3(2Р37)5,02
686 1# - ИНДЕКСЫ ДРУГИХ КЛАССИФИКАЦИЙ
Индекс Т3(2Р37)71,02
701 #1 - ИМЯ ЛИЦА - АЛЬТЕРНАТИВНАЯ ОТВЕТСТВЕННОСТЬ
Начальный элемент ввода Бадмаева
Часть имени, кроме начального элемента ввода Е. Н.
Расширение инициалов личного имени Екатерина Николаевна
701 #1 - ИМЯ ЛИЦА - АЛЬТЕРНАТИВНАЯ ОТВЕТСТВЕННОСТЬ
Начальный элемент ввода Лиджиева
Часть имени, кроме начального элемента ввода И. В.
Расширение инициалов личного имени Ирина Владимировна
701 #1 - ИМЯ ЛИЦА - АЛЬТЕРНАТИВНАЯ ОТВЕТСТВЕННОСТЬ
Начальный элемент ввода Кидирниязов
Часть имени, кроме начального элемента ввода Д. С.
Расширение инициалов личного имени Даниял Сайдахмедович
942 ## - ДОПОЛНИТЕЛЬНЫЕ ЭЛЕМЕНТЫ ЗАПИСИ (АБИС)
Тип экземпляра АБИС Книга
980 ## - КОЛЛЕКЦИЯ
Название коллекции Национальная библиография

Нет доступных экземпляров.